000 00260nam a2200109Ia 4500
100 _aBUREAU OF STANDARDS.
942 _cBK
245 _aENGG.DRAWING PRACTICE FOR SCHOOLS & COLLEGES.
260 _bBUREAU OF STANDARDS
_aMumbai
546 _aENGLISH
999 _c29107
_d29107